In what countries have the jojos been? - Statistics

General Stats
  • This quiz has been taken 546 times
  • The average score is 21 of 26
Answer Stats
Hint Answer % Correct
Jonathan England
99%
Joseph Japan
99%
Jotaro Japan
99%
Josuke Japan
99%
Johnny Japan
99%
Josuke (part 8) Japan
99%
Joseph United States
99%
Jotaro United States
99%
Jolyne United States
99%
Johnny United States
99%
Joseph Italy
97%
Giorno Italy
97%
Joseph Egypt
94%
Jotaro Egypt
94%
Joseph India
82%
Jotaro India
82%
Joseph China (Hongkong)
75%
Jotaro China (Hongkong)
75%
Joseph Mexico
65%
Joseph Pakistan
63%
Jotaro Pakistan
63%
Joseph Saudi Arabia
55%
Jotaro Saudi Arabia
55%
Joseph Singapore
54%
Jotaro Singapore
54%
Joseph Switzerland
44%
No matching quizzes found
Score Distribution
Percent of People with Each Score
Percentile by Number Answered
Your Score History
You have not taken this quiz